[Event "FRA-ch U20"]
[Site "Saint Paul Trois Chateaux"]
[Date "2013.05.02"]
[Round "6"]
[White "De Balmann, Marc"]
[Black "Eden, James"]
[Result "0-1"]
[WhiteElo "1915"]
[BlackElo "2197"]
[PlyCount "44"]
[EventDate "2013.04.28"]
[EventType "swiss"]
[EventRounds "9"]
[EventCountry "FRA"]
[SourceTitle "CBM 154 Extra"]
[Source "ChessBase"]
[SourceDate "2013.06.25"]
[SourceVersion "2"]
[SourceVersionDate "2013.06.25"]
[SourceQuality "1"]

1. d4 b6 2. e4 Bb7 3. Bd3 e6 4. Nf3 c5 5. c3 Nf6 6. Bg5 Be7 7. Nbd2 cxd4 8. cxd4 Nc6 9. a3 d6 10. 0-0 0-0 11. Rc1 Qd7 12. Qe2 Rac8 13. Bb5 Rc7 14. Bxf6 Bxf6 15. d5 Bxb2 16. dxc6 Bxc6 17. Bxc6 Rxc6 18. Qb5 Bxc1 19. Nd4 Rfc8 20. N2b3 Bb2 21. Nxc6 Qxc6 22. Qb4 Bc3 0-1

[Event "Paris-ch op-B 87th"]
[Site "Paris"]
[Date "2012.07.12"]
[Round "6"]
[White "De Balmann, Marc"]
[Black "Gretry, Patrice"]
[Result "1-0"]
[WhiteElo "1908"]
[BlackElo "2016"]
[PlyCount "41"]
[EventDate "2012.07.07"]
[EventType "swiss"]
[EventRounds "9"]
[EventCountry "FRA"]
[SourceTitle "EXT 2013"]
[Source "ChessBase"]
[SourceDate "2012.11.22"]
[SourceVersion "1"]
[SourceVersionDate "2012.11.22"]
[SourceQuality "1"]

1. d4 Nf6 2. c4 c5 3. d5 d6 4. Nc3 g6 5. e4 Bg7 6. Be2 0-0 7. Nf3 e6 8. 0-0 Na6 9. Nd2 Nc7 10. f4 exd5 11. cxd5 a6 12. a4 b6 13. Nc4 Rb8 14. Bf3 Re8 15. Re1 b5 16. axb5 axb5 17. Na5 Bb7 18. e5 Nd7 19. exd6 Rxe1+ 20. Qxe1 Ne8 21. Nc6 1-0

[Event "Paris-ch op-B 87th"]
[Site "Paris"]
[Date "2012.07.09"]
[Round "3"]
[White "Lao, Lenath"]
[Black "De Balmann, Marc"]
[Result "0-1"]
[WhiteElo "1826"]
[BlackElo "1908"]
[PlyCount "60"]
[EventDate "2012.07.07"]
[EventType "swiss"]
[EventRounds "9"]
[EventCountry "FRA"]
[SourceTitle "EXT 2013"]
[Source "ChessBase"]
[SourceDate "2012.11.22"]
[SourceVersion "1"]
[SourceVersionDate "2012.11.22"]
[SourceQuality "1"]

1. c4 Nf6 2. g3 g6 3. b3 Bg7 4. Bb2 0-0 5. Bg2 c6 6. Nf3 d5 7. 0-0 Nbd7 8. d3 Re8 9. Nbd2 e5 10. cxd5 cxd5 11. e3 b6 12. Rc1 Ba6 13. Qc2 e4 14. dxe4 Bxf1 15. Bxf1 dxe4 16. Nd4 Rc8 17. Qb1 Rxc1 18. Qxc1 Nc5 19. Qb1 Nfd7 20. b4 Nd3 21. Bxd3 exd3 22. Qxd3 Ne5 23. Qa3 Qc7 24. Qb3 Rc8 25. Nb5 Qc2 26. Bxe5 Qxd2 27. Bxg7 Rc2 28. Qxc2 Qxc2 29. Bd4 Qc1+ 30. Kg2 Qc6+ 0-1

[Event "Paris-ch op-B 87th"]
[Site "Paris"]
[Date "2012.07.08"]
[Round "2"]
[White "De Balmann, Marc"]
[Black "Abbas, Talal"]
[Result "0-1"]
[WhiteElo "1908"]
[BlackElo "2006"]
[PlyCount "28"]
[EventDate "2012.07.07"]
[EventType "swiss"]
[EventRounds "9"]
[EventCountry "FRA"]
[SourceTitle "EXT 2013"]
[Source "ChessBase"]
[SourceDate "2012.11.22"]
[SourceVersion "1"]
[SourceVersionDate "2012.11.22"]
[SourceQuality "1"]

1. d4 Nf6 2. c4 e6 3. Nf3 Bb4+ 4. Bd2 Qe7 5. a3 Bxd2+ 6. Nbxd2 d6 7. e4 e5 8. d5 0-0 9. Be2 Nh5 10. 0-0 Nf4 11. Ne1 f5 12. f3 Qg5 13. Kh1 Rf6 14. exf5 Rh6 0-1

[Event "Paris-ch op-B 86th"]
[Site "Paris"]
[Date "2011.07.05"]
[Round "4"]
[White "Collette, Gilles"]
[Black "De Balmann, Marc"]
[Result "1-0"]
[WhiteElo "1895"]
[BlackElo "1710"]
[PlyCount "67"]
[EventDate "2011.07.02"]
[EventType "swiss"]
[EventRounds "9"]
[EventCountry "FRA"]
[SourceTitle "EXT 2012"]
[Source "ChessBase"]
[SourceDate "2011.11.24"]
[SourceVersion "1"]
[SourceVersionDate "2011.11.24"]
[SourceQuality "1"]

1. e4 e6 2. d3 d5 3. Nd2 Nf6 4. Ngf3 c5 5. g3 Nc6 6. Bg2 Be7 7. 0-0 0-0 8. e5 Nd7 9. Re1 Qc7 10. Qe2 a5 11. Nf1 b5 12. Bf4 Bb7 13. h4 c4 14. d4 b4 15. c3 a4 16. Bg5 Bxg5 17. Nxg5 h6 18. Nh3 a3 19. Ne3 axb2 20. Qxb2 bxc3 21. Qxc3 Qa5 22. Qxa5 Nxa5 23. f4 Ra7 24. f5 Rfa8 25. fxe6 fxe6 26. Rab1 Bc8 27. Nf4 Nf8 28. Rb6 Ra6 29. Reb1 Rxb6 30. Rxb6 Ra6 31. Rb8 Bd7 32. Ng6 Nc6 33. Rxf8+ Kh7 34. h5 1-0